England National Football Team Players: N & O - Statistics

General Stats
  • This quiz has been taken 9 times
  • The average score is 7 of 29
Answer Stats
Caps Goals First Cap Last Cap Player % Correct
85 0 1995 2007 Gary Neville
100%
59 0 1996 2007 Phil Neville
100%
89 40 1998 2008 Michael Owen
57%
1 0 1874 1874 John Owen
43%
27 0 1966 1970 Keith Newton
43%
23 0 1962 1964 Maurice Norman
43%
3 0 1954 1954 Syd Owen
43%
35 7 2012 2019 Alex Oxlade-Chamberlain
29%
1 1 1951 1951 Bill Nicholson
29%
1 1 2007 2007 David Nugent
29%
2 1 1954 1954 Johnny Nicholls
29%
1 0 1929 1929 Len Oliver
29%
2 0 2012 2013 Leon Osman
29%
50 5 1976 1983 Phil Neal
29%
11 0 1980 1983 Russell Osman
29%
2 0 1872 1874 Cuthbert Ottaway
14%
5 0 1973 1974 David Nish
14%
16 3 1894 1902 Ernest Needham
14%
2 3 1962 1969 Michael O'Grady
14%
2 0 2025 2025 Nico O'Reilly
14%
16 0 1895 1901 William Oakley
14%
2 0 1928 1928 Ben Olney
0%
1 0 2023 2023 Eddie Nketiah
0%
4 3 1922 1926 Frank Osborne
0%
3 0 1927 1929 Harry Nuttall
0%
3 0 1932 1933 Peter O'Dowd
0%
4 0 1970 1973 Peter Osgood
0%
1 0 1927 1927 Reg Osborne
0%
1 0 1874 1874 Robert Ogilvie
0%
No matching quizzes found
Score Distribution
Percent of People with Each Score
Percentile by Number Answered
Your Score History
You have not taken this quiz